Manual completo de Direito Ambiental Ideal para Provas e Concursos /

Bibliographic Details
Main Author: Bordalo, Rodrigo
Format: eBook
Language:Portuguese
Published: San Pablo: Editora Foco, 2019
Subjects:
Online Access:Acceso restringido

MARC

LEADER 00000nam a22000007a 4500
005 20210910131845.0
007 cr|||| ||||
008 210910s2019 br |||||s|||| 00||0 por d
020 |a 978-85-8242-377-6 
035 |a 35171 
040 |a vLex 
090 |c 12399  |d 12399 
100 1 |a Bordalo, Rodrigo 
245 1 0 |a Manual completo de Direito Ambiental  |h [Recurso electrn̤ico] :  |b Ideal para Provas e Concursos /  |c Rodrigo Bordalo 
256 |a Servicio en ln̕ea 
260 |a San Pablo:  |b Editora Foco,  |c 2019 
300 |a 1 recurso electrn̤ico 
506 1 |a Disponible solo en los productos indicados  |d vLex Global  |d vLex Global (Academic Edition, excluding Law Schools)  |d vLex Global (U.S. Academic Edition, Law Schools)  |d vLex Global (U.S. Academic Edition, excluding Law Schools)  |d vLex Global (Academic Edition, Law Schools) 
650 0 4 |a Medio Ambiente  |z Brasil 
740 0 |a vLex Libros (Servicio en ln̕ea) 
856 4 0 |u https://app.vlex.com/#/sources/35171  |z Acceso restringido 
942 |c BOOK 
999 0 |a Environment